| 000 | 00925cam a2200265 4500 | ||
|---|---|---|---|
| 008 | 000000n2000 000 0 eng u | ||
| 020 | _a0727728822 | ||
| 035 | _a(Sirsi) u111066 | ||
| 050 | _a346.41024 | ||
| 100 | _aRyley, Michael | ||
| 110 |
_aMasons _9546 |
||
| 245 | _aEmployment law for the construction industry : Masons' guide. | ||
| 260 |
_aLondon _bThomas Telford _c2000 |
||
| 300 | _axiv,157p. ; 21cm. | ||
| 350 | _a25.00 | ||
| 520 | _aA guide to dealing with day-to-day employment issues in the construction industry including PAYE/NIC, the Working Time Regulations 1998, pay, training and TUPE. The authors are employment specialists from Masons. | ||
| 650 | _aEMPLOYMENT LAW | ||
| 650 | _aCONSTRUCTION INDUSTRY | ||
| 650 | _aCOLLECTIVE BARGAINING | ||
| 650 | _aCONSTRUCTION INDUSTRY SCHEME | ||
| 650 | _aNATIONAL MINIMUM WAGE | ||
| 690 | _aLAW-UK | ||
| 700 | _aGoodwyn, Edward | ||
| 942 | _n0 | ||
| 999 |
_c101194 _d101194 |
||